Cinema City changes big way

Veľké zmeny v Cinema City. Cinema City bol posledným veľkým filmovým operátorom v Európe. Nová identita Cinema City.

Na minha lista:
Detalhes bibliográficos
Autor principal: Mišún, Juraj, 1978-
Formato: Capítulo de Livro
Idioma:inglês
Assuntos:
Tags: Adicionar Tag
Sem tags, seja o primeiro a adicionar uma tag!

MARC

LEADER 00000nla$a2200000$$$4500
001 0130121
005 20250707085144.6
041 0 |a eng 
044 |a US 
245 1 0 |a Cinema City changes big way  |c Juraj Mišún 
520 |a Veľké zmeny v Cinema City. Cinema City bol posledným veľkým filmovým operátorom v Európe. Nová identita Cinema City. 
610 2 0 |a film 
610 2 0 |a priemysel umelecký 
610 2 0 |a Európa 
100 1 |a Mišún, Juraj, 1978-